000 00505nam a2200181Ia 4500
005 20250423095454.0
008 250422s9999 xx 000 0 und d
020 _a9788120342361
050 _aTA 645 .G37/
100 _aGambhir, M. L.
245 0 _aFundamentals of structural mechanics and analysis
260 _aNew Delhi
260 _bPHI Learning Private Ltd.
260 _c2011
300 _a906 p
650 _aStructural analysis (Engineering) Plates (Engineering) Girders.
942 _cBK
999 _c30381
_d30381